1403 1833 1549 1777 1767 1542 1137 1679 1592 1677 1413 1424 1607 1228 1529 1156 1033 1050 1914 1863 1888 1999 1329 1909 1881 1651 1679 1486 1949 1961 1508 1409 1106 1123 1286 1701 1392 1198 1376 1641 1693 1552 1366 1657 1751 1792 1736 1800 1660 1863 1910 1119 1263 1021 1425 1897 1955 1489 1485 1634 1765 1494 1626 1342 1216 1232 1768 1428 1669 1670 1112 1212 1013 1387 1848 1735 1447 1111 1522 1359 1658 1866 1943 1455 1743 1707 1691 1923 1619 1203 1331 1078 1167 1851 1644 1429 1801 1727 1588 BCNSPRNW ULIB Ver.6.0+V

เปลี่ยนเป็นภาษาไทย

Change to English
 แสดงรายละเอียดบรรณานุกรม
  กลับหน้าหลัก

Brief Record : Get Marc (ISO 2709) : E-mail record : QR code < ปิดหน้าต่าง
LEADER : 00000nam 2200000uu 4500
001    13399112220
003     ULIB
008    110627s2543||||th 000 0 tha d
060  4 WY3^bพ241ส 2543
110 1  คณะพยาบาลศาสตร์ มหาวิทยาลัยธรรมศาสตร์
245 00 สรุปผลการประชุมโครงการพัฒนาหลักสูตรพยาบาลศาสตร์ด้านการส่งเสริมสุขภาพ/^cคณะพยาบาลศาสตร์ มหาวิทยาลัยธรรมศาสตร์
260    กรุงเทพฯ :^bคณะพยาบาลศาสตร์ มหาวิทยาลัยธรรมศาสตร์,^c2543
300    117 หน้า
650  7 การบริการเพื่อส่งเสริมสุขภาพ
650  7 การส่งเสริมสุขภาพ
650  7 แผนงานส่งเสริมสุขภาพ
945    ^p0^l0^i013127
945    ^p0^l0^i013128
995    ทศพร
999 ^a ใช้งานได้ทุกระบบ
รายการนี้ยังไม่มีแท็ก
คุณยังไม่ได้ล็อกอิน คุณสามารถมีกิจกรรมร่วมกับเว็บไซต์ได้ แต่ต้องล็อกอินก่อน ::
  ล็อกอิน

รายการสื่อสารสนเทศ

ลำดับที่ ประเภท เลขเรียก/บาร์โค้ด สถานที่ สถานะ
- ไม่พบข้อมูล -

รายการใกล้เคียง
    หัวเรื่อง [การส่งเสริมสุขภาพ]

BibComment


ยังไม่เคยถูกคอมเมนท์

คอมเมนท์ทรัพยากรรายการนี้
  คอมเมนท์: สรุปผลการประชุมโค..


 Copyright 2026. Bcnsprnw @Library